| 000 | 00468nam a22001697a 4500 | ||
|---|---|---|---|
| 005 | 20250425202831.0 | ||
| 008 | 250425b |||||||| |||| 00| 0 eng d | ||
| 020 | _a9781138487291 | ||
| 050 |
_aHD30 _b.B7754 BRO |
||
| 100 | _aBrooks Michael P. | ||
| 245 |
_aPlanning Theory for Practitioners _cMichael P. Brooks, AICP |
||
| 260 |
_aNew York _bTaylor & Francis _c2017 |
||
| 300 |
_a217p. _c21 cm |
||
| 500 | _aIncludes Index | ||
| 650 | _2Planning | ||
| 942 |
_2lcc _cBK _n0 |
||
| 999 |
_c5570 _d5570 |
||